000 01056 a2200241 4500
001 49790
005 20260407155759.0
008 260407a1997 arg spa d
003 AR-UNSa-BCEJYS
040 _aAR-UNSa-BCEJYS
_bspa
_cAR-UNSa-BCEJYS
080 _a330.342.22
_xEconomía en desarrollo. Economía en industrialización
245 1 0 _aEconomía industrial
020 _a84-481-0996-1
264 1 _aMadrid :
_bMcGraw-Hill
_c1997
300 _axii, 197 p.
_c23 cm.
505 _a1. Introducción - 2. Estructura de mercado - 3. Modelos de oligopolio - 4. Poder de mercado - 5. Barreras de entrada - 6. Fusiones y adquisiciones - 7. Discriminación precios - 8. Diferenciación de productos - 9. Investigación y desarrollo - 10. Política industrial, política de competencia y regulación.
041 _aspa
942 _cBK
590 _aniveau_biblio:m niveau_hierar:0
100 1 _aCabral, Luis
700 1 _aGalera, Francisco
856 4 1 _uhttps://www.biblioeco.unsa.edu.ar/pmb/images/libros/L128183.jpg
_yImagen de portada
_qimage/jpeg
999 _c4885
_d4885